000
00297nam a22001337a 4500
008
170704b xxu||||| |||| 00| 0 eng d
020
_a
00913421
041
_a
eng
080
_a
82
100
_a
22
101
_a
GJL
245
_a
CONTEMPORARY LITERARY CRITICISM
_c
MAROWSKI,D.G
942
_2
udc
_c
BK
999
_c
19922
_d
19922